| Tag |
First Indicator |
Second Indicator |
Subfields |
| LEADER |
00000cam a2200000 a 4500 |
| 001 |
in00000006771 |
| 005 |
20150930090042.0 |
| 008 |
990928s1999 pauab b f000 0 eng d |
| 035 |
|
|
|a (OCoLC)42449608
|
| 035 |
|
|
|9 AJL1639AM
|
| 040 |
|
|
|d GPO
|d DLC
|d MvI
|d UtOrBLW
|
| 043 |
|
|
|a n-us-pa
|
| 049 |
|
|
|a UDOC
|
| 074 |
|
|
|a 0624-B
|
| 086 |
0 |
|
|a I 19.42/4:99-4108
|
| 100 |
1 |
|
|a Low, Dennis J.
|q (Dennis James)
|
| 245 |
1 |
0 |
|a Summary of hydrogeologic and ground-water-quality data and hydrogeologic framework at selected well sites, Adams County, Pennsylvania /
|c by Dennis J. Low and Diana L. Dugas ; prepared in cooperation with the Adams County Office of Planning and Development.
|
| 246 |
2 |
|
|a Summary of hydrogeologic and ground water quality data and hydrogeologic framework at selected well sites, Adams County, Pennsylvania
|
| 264 |
|
1 |
|a Lemoyne, Pa. :
|b U.S. Dept. of the Interior, U.S. Geological Survey ;
|c 1999.
|
| 264 |
|
2 |
|a Denver, Colo. :
|b Branch of Information Services [distributor],
|
| 300 |
|
|
|a viii, 86 pages :
|b illustrations, maps ;
|c 28 cm.
|
| 336 |
|
|
|a text
|b txt
|2 rdacontent
|
| 337 |
|
|
|a unmediated
|b n
|2 rdamedia
|
| 338 |
|
|
|a volume
|b nc
|2 rdacarrier
|
| 490 |
1 |
|
|a Water-resources investigations report ;
|v 99-4108
|
| 500 |
|
|
|a Shipping list number: 2000-0001-P.
|
| 500 |
|
|
|a Shipping List #: 2000-0001-P
|
| 500 |
|
|
|a Shipping List Date: 10/04/1999
|
| 504 |
|
|
|a Includes bibliographical references (pages 77-81).
|
| 650 |
|
0 |
|a Hydrogeology
|z Pennsylvania
|z Adams County.
|
| 650 |
|
0 |
|a Groundwater
|z Pennsylvania
|z Adams County
|x Quality.
|
| 650 |
|
0 |
|a Water-supply
|z Pennsylvania
|z Adams County.
|
| 700 |
1 |
|
|a Dugas, Diana L.
|
| 710 |
1 |
|
|a Adams County (Pa.).
|b Office of Planning and Development.
|
| 710 |
2 |
|
|a Geological Survey (U.S.)
|
| 830 |
|
0 |
|a Water-resources investigations report ;
|v 99-4108.
|
| 999 |
|
|
|a MARS
|
| 999 |
f |
f |
|s cdd5a798-459f-33eb-9306-b073964227c2
|i 1a8cc537-363b-342b-a496-7f9f3aeae8f7
|t 0
|
| 952 |
f |
f |
|p normal
|a Texas A&M University
|b College Station
|c Sterling C. Evans Library
|d Evans: US Documents (Annex 5th floor)
|t 0
|e I 19.42/4:99-4108
|h Superintendent of Documents classification
|i unmediated -- volume
|m A14824338260
|
| 998 |
f |
f |
|a I 19.42/4:99-4108
|t 0
|l Evans: US Documents (Annex 5th floor)
|